|
|
|
|
| LEADER |
01304cas a2200241 a 4500 |
| 001 |
AALejournalIMF015744 |
| 008 |
230101c9999 xx r poo 0 0eng d |
| 020 |
|
|
|c 15.00 USD
|
| 020 |
|
|
|z 9781557751843
|
| 022 |
|
|
|a 0251-6365
|
| 040 |
|
|
|a BD-DhAAL
|c BD-DhAAL
|
| 100 |
1 |
|
|a Tait, Alan.
|
| 245 |
1 |
0 |
|a Value-Added Tax :
|b Administrative and Policy Issues /
|c Alan Tait.
|
| 264 |
|
1 |
|a Washington, D.C. :
|b International Monetary Fund,
|c 1991.
|
| 300 |
|
|
|a 1 online resource (100 pages)
|
| 490 |
1 |
|
|a Occasional Papers
|
| 500 |
|
|
|a <strong>Off-Campus Access:</strong> No User ID or Password Required
|
| 500 |
|
|
|a <strong>On-Campus Access:</strong> No User ID or Password Required
|
| 506 |
|
|
|a Electronic access restricted to authorized BRAC University faculty, staff and students
|
| 520 |
3 |
|
|a More than 50 countries worldwide employ a value-added tax. What are its effects on prices, exports, and investment? Is it regressive? These and other questions are answered in this collection of papers presented at a March 1990 Jakarta seminar on the VAT in Asia.
|
| 538 |
|
|
|a Mode of access: Internet
|
| 830 |
|
0 |
|a Occasional Papers; Occasional Paper ;
|v No. 1991/011
|
| 856 |
4 |
0 |
|z Full text available on IMF
|u http://elibrary.imf.org/view/books/084/07774-9781557751843-en/07774-9781557751843-en-book.xml
|z IMF e-Library
|